|
|
|
|
| LEADER |
00878nam a2200277 4500 |
| 001 |
DLU090086595 |
| 005 |
##20090224 |
| 040 |
# |
# |
|a DLU
|b vie
|
| 041 |
# |
# |
|a vie
|
| 044 |
# |
# |
|a vn
|
| 100 |
# |
# |
|a Schmidt, Sigurd.
|
| 245 |
# |
# |
|a xã hội và thiên nhiên :
|b Những vấn đề nghiên cưú các nguồn tư liệu lịch sử /
|c Sigurd Schmidt, Nguyễn Khắc Đạm.
|
| 653 |
# |
# |
|a Sử liệu học
|
| 653 |
# |
# |
|a Tài liệu khoa học
|
| 653 |
# |
# |
|a Xã hội học
|
| 700 |
# |
# |
|a Nguyễn Khắc Đạm,
|e dịch.
|
| 773 |
# |
# |
|t Nghiên cứu lịch sử
|g Số 6(225), 1985, tr. 70-76
|
| 920 |
# |
# |
|a Phòng Tạp chí -- Trung tâm Thông tin - Thư viện Trường Đại học Đà Lạt
|
| 994 |
# |
# |
|a DLU
|
| 900 |
# |
# |
|a True
|
| 911 |
# |
# |
|a Nguyễn Thị Linh Chi
|
| 925 |
# |
# |
|a G
|
| 926 |
# |
# |
|a A
|
| 927 |
# |
# |
|a BB
|
| 980 |
# |
# |
|a Thư viện Trường Đại học Đà Lạt
|